000 00422nam a2200157Ia 4500
005 20250528025805.0
008 240331s9999 xx 000 0 und d
020 _a955910215X
082 _a303.6
_bFON
100 _aFonseka, C
245 0 _aSamayenyuthu srilankawak sadha
260 _aColombo
_bSocial Scientists Association
_c1998
300 _a243 p .,
500 _aA book of towards a peaceful Sri Lanka
942 _cL
999 _c1281
_d1281